01622nam a22003974a 4500001001200000003000800012006001900020007001500039008004100054010001700095020001500112040002100127035002000148050002400168082002100192110001600213245011700229260004400346300002200390504004100412533015200453650003700605650003000642650004200672650004500714650003800759650005000797651004800847651004400895651005000939651004600989655002901035710001701064856012601081999001701207ebr10015749CaPaEBRm u cr cn|||||||||000831s2000 dcua sb i000 0 eng  z 00043950  z0821347209 aCaPaEBRcCaPaEBR a(OCoLC)7076918814aHC244b.W667 2000eb04a362.5/7/09472212 aWorld Bank.10aMaking transition work for everyoneh[electronic resource] :bpoverty and inequality in Europe and Central Asia. aWashington, D.C. :bWorld Bank,cc2000. ax, 524 p. :bill. aIncludes bibliographical references. aElectronic reproduction.bPalo Alto, Calif. :cebrary,d2013.nAvailable via World Wide Web.nAccess may be limited to ebrary affiliated libraries. 0aPost-communismzEurope, Eastern. 0aPovertyzEurope, Eastern. 0aIncome distributionzEurope, Eastern. 0aPost-communismzFormer Soviet republics. 0aPovertyzFormer Soviet republics. 0aIncome distributionzFormer Soviet republics. 0aEurope, EasternxEconomic conditionsy1989- 0aEurope, EasternxEconomic policyy1989- 0aFormer Soviet republicsxEconomic conditions. 0aFormer Soviet republicsxEconomic policy. 7aElectronic books.2local2 aebrary, Inc.40uhttp://site.ebrary.com/lib/rucke/Doc?id=10015749zAn electronic book accessible through the World Wide Web; click to view c10649d10649